Most Streamed Weezer Songs - Statistics

General Stats
  • This quiz has been taken 85 times
    29 since last reset
  • The average score is 10 of 20
Answer Stats
# Streams Answer % Correct
3 593,917,703 Buddy Holly
100%
1 1,086,655,783 Island In The Sun
96%
2 681,799,816 Say It Ain't So
87%
5 265,182,377 Undone - The Sweater Song
83%
16 45,765,038 Go Away
74%
4 330,625,504 Beverly Hills
70%
6 196,688,748 Hash Pipe
65%
12 71,413,189 Pink Triangle
65%
10 90,473,911 Pork And Beans
61%
8 104,124,915 My Name Is Jonas
57%
15 51,102,420 El Scorcho
52%
7 130,794,399 I Just Threw Out The Love Of My Dreams
52%
18 43,832,857 Only In Dreams
39%
19 41,919,138 Perfect Situation
30%
9 92,396,937 Africa
26%
20 41,574,861 The World Has Turned And Left Me Here
17%
11 71,814,287 Feels Like Summer
13%
14 52,077,793 Think Fast
13%
17 45,740,744 All My Favorite Songs
4%
13 54,928,256 Lost in the Woods
4%
No matching quizzes found
Score Distribution
Percent of People with Each Score
Percentile by Number Answered
Your Score History
You have not taken this quiz since the last reset